Seed production of commercial vegetables (Record no. 480360)
[ view plain ]
| 000 -LEADER | |
|---|---|
| fixed length control field | 00524nam a22001937a 4500 |
| 003 - CONTROL NUMBER IDENTIFIER | |
| control field | ASAB |
| 005 - DATE AND TIME OF LATEST TRANSACTION | |
| control field | 20180827062719.0 |
| 008 - FIXED-LENGTH DATA ELEMENTS--GENERAL INFORMATION | |
| fixed length control field | 161130t xxu||||| |||| 00| 0 eng d |
| 020 ## - INTERNATIONAL STANDARD BOOK NUMBER | |
| International Standard Book Number | 978-81-89473-66-2 |
| 040 ## - CATALOGING SOURCE | |
| Transcribing agency | ASAB |
| 082 ## - DEWEY DECIMAL CLASSIFICATION NUMBER | |
| Classification number | 635.0421 |
| 100 ## - MAIN ENTRY--PERSONAL NAME | |
| Personal name | Y.S. Sreenivas |
| 9 (RLIN) | 2409 |
| 245 ## - TITLE STATEMENT | |
| Title | Seed production of commercial vegetables |
| 260 ## - PUBLICATION, DISTRIBUTION, ETC. | |
| Place of publication, distribution, etc. | Jaipur, India. |
| Name of publisher, distributor, etc. | Oxford Book Company |
| Date of publication, distribution, etc. | 2009 |
| 300 ## - PHYSICAL DESCRIPTION | |
| Extent | 316 P. |
| Dimensions | 21 cm |
| 630 ## - SUBJECT ADDED ENTRY--UNIFORM TITLE | |
| Uniform title | Seed Production |
| 9 (RLIN) | 3690 |
| 630 ## - SUBJECT ADDED ENTRY--UNIFORM TITLE | |
| Uniform title | Commercial Vegetables |
| 9 (RLIN) | 3691 |
| 942 ## - ADDED ENTRY ELEMENTS (KOHA) | |
| Source of classification or shelving scheme | |
| Koha item type | Book |
| Withdrawn status | Lost status | Source of classification or shelving scheme | Damaged status | Not for loan | Collection code | Permanent Location | Current Location | Date acquired | Total Checkouts | Full call number | Barcode | Date last seen | Price effective from | Koha item type |
|---|---|---|---|---|---|---|---|---|---|---|---|---|---|---|
| Atta-ur-Rahman School of Applied Biosciences (ASAB) | Atta-ur-Rahman School of Applied Biosciences (ASAB) | 11/30/2016 | 635.0421 SRE | ASAB2172 | 04/26/2018 | 11/30/2016 | Book |
